|
|
|
|
| LEADER |
00000nab a2200000ua 4500 |
| 001 |
vtls010813026 |
| 003 |
SK-MaSNL |
| 005 |
20260303153234.0 |
| 008 |
230222s1980 xo |||||||||||||||||cze| |
| 035 |
|
|
|a (urnnbn)urn:nbn:sk:snk:ar-005p80
|
| 035 |
|
|
|a urn:nbn:sk:snk-ab5i6u
|
| 035 |
|
|
|a (uuid)184cbc85-a077-442b-8db3-d12b3e805317
|
| 040 |
|
|
|a SNKBUCL
|b slo
|c SNKBUCL
|e AACR2
|
| 041 |
0 |
|
|a cze
|
| 044 |
|
|
|a xo
|c SK
|
| 100 |
1 |
|
|a Berounský, Bronislav
|4 aut
|9 627403
|
| 245 |
1 |
0 |
|a Osvětlování dílen a pracovišť, v nichž se svařuje
|c Bronislav Berounský
|
| 773 |
0 |
|
|t Zváranie : odborný časopis československých zváračov
|g Roč. 29, č. 5 (1980), s. 151-154
|
| 954 |
|
|
|a odborná, vedecká literatúra pôvodná (slovenská)
|2 lita
|
| 954 |
|
|
|a odborná, vedecká literatúra cudzojazyčná (svetová)
|2 lita
|
| 958 |
|
|
|a OND
|
| 958 |
|
|
|a EUIPO
|
| 958 |
|
|
|a article5
|
| 999 |
|
|
|c 2027458
|d 2029388
|